白髮魔女傳

資料類型: Book 圖書   書目號:26431

Leader xxxxxxxxxx
001 __ PCLIS00026431
005 __ 20221202104651.0
010 0_ |a957-645-096-9|b一套 : 平裝|dNT$360
010 0_ |a957-645-097-7|b上冊 : 平裝|dNT$180
010 0_ |a957-645-098-5|b下冊 : 平裝|dNT$180
100 __ |a20010427d1999    m  y0chiy09      e
101 0_ |achi
102 __ |atw
105 __ |aaf  z   000ay
200 1_ |a白髮魔女傳|f梁羽生作
205 __ |a電視版
210 __ |a臺北市|c風雲時代|d1999.11[民88]
215 0_ |a2冊([6], 698+面, 圖版[16]面)|c圖, 彩色圖版|d21公分
225 1_ |a梁羽生作品
300 __ |a本書正文內頁插圖及其圖說未計頁數
300 __ |a附錄: 本書涉及的重要歷史事實和人物
410 _1 |12001 |a梁羽生武俠作品精選
300 __ |a作者本名陳文統
681 __ |a857.9|b8646
681 __ |a857.7|b8646 88 V.2
681 __ |a857.7|b8646 88 V.1
700 _0 |a梁羽生|f1924-2009|4801 _0 |atw|b內湖高中|c20010622|gCCR
801 _2 |atw|b內湖高中|c20221202|gCCR
詳細館藏 1-2 筆 (共 2 筆)
索 書 號登 錄 號冊次號館別 / 館藏地流通類型狀態加入預約清單電子資源
857.9 / 8646 1011649 v.1 圖書館 / 一樓普通區 可外借30天 在館   
857.9 / 8646 1011650 v.2 圖書館 / 一樓普通區 可外借30天 在館   

| 條列資料




目錄查詢 分類查詢 個人資料 圖書薦購 新書查詢 閉館日 排行榜 更多電子資源 Hami書城 線上資料庫 登出

From : 216.73.216.116

  本日流通累計至 18:51:40 借閱 : 6 次 續借 : 0 次 歸還 : 8 次 預約 : 0 次 電子資源 : 0 次


內湖高中圖書館  PCLIS 版本  25.5.0.2